[Event "Krapina op 12th"]
[Site "Krapina"]
[Date "2024.01.21"]
[Round "6"]
[White "Kovacek, Pavlo"]
[Black "Novosel, Kristijan"]
[Result "1/2-1/2"]
[WhiteElo "1732"]
[BlackElo "1817"]
[PlyCount "112"]
[EventDate "2024.01.19"]
[EventType "swiss"]
[EventRounds "7"]
[EventCountry "CRO"]
[SourceTitle "CB06_2024"]
[SourceDate "2024.02.07"]
[SourceVersion "1"]
[SourceVersionDate "2024.02.07"]
[SourceQuality "1"]

1. e4 g5 2. d4 g4 3. Qxg4 d5 4. Qf3 dxe4 5. Qxe4 Nf6 6. Qd3 Rg8 7. g3 Nc6 8. Ne2 Qd5 9. f3 Bf5 10. Qb3 Nxd4 11. Nxd4 Qxd4 12. Be3 Qd5 13. Nd2 Qxb3 14. axb3 Bxc2 15. Rc1 Nd5 16. Rxc2 Nxe3 17. Rxc7 Nxf1 18. Rxf1 b6 19. Ke2 Rg6 20. Ra1 a5 21. Nc4 Re6+ 22. Kf2 Bg7 23. Rb7 Bd4+ 24. Kf1 Kd8 25. Rc1 Bc5 26. Rd1+ Ke8 27. Re1 Rxe1+ 28. Kxe1 Ra6 29. Ne5 Kd8 30. Rb8+ Kc7 31. Rf8 f6 32. Nd3 Bd6 33. Rh8 a4 34. bxa4 Rxa4 35. Rxh7 Kd7 36. f4 Ra1+ 37. Kd2 Ke6 38. Rh5 Rg1 39. Kc3 Rg2 40. Kd4 Rd2 41. Kc3 Rg2 42. Ne1 Re2 43. Nc2 Bc5 44. b4 Bg1 45. Nd4+ Bxd4+ 46. Kxd4 Kd6 47. Rh6 Kc6 48. Rh5 Rd2+ 49. Kc3 Rg2 50. Rh7 e5 51. fxe5 fxe5 52. Rh6+ Kb5 53. Rh5 Re2 54. Rh4 e4 55. Kd4 Kxb4 56. Rxe4 Rxh2 1/2-1/2

[Event "Krapina op 12th"]
[Site "Krapina"]
[Date "2024.01.20"]
[Round "4"]
[White "Siraj, Svit"]
[Black "Novosel, Kristijan"]
[Result "1-0"]
[WhiteElo "2182"]
[BlackElo "1817"]
[PlyCount "59"]
[EventDate "2024.01.19"]
[EventType "swiss"]
[EventRounds "7"]
[EventCountry "CRO"]
[SourceTitle "CB06_2024"]
[SourceDate "2024.02.07"]
[SourceVersion "1"]
[SourceVersionDate "2024.02.07"]
[SourceQuality "1"]

1. d4 d5 2. Bf4 Bf5 3. c4 e6 4. Nc3 c6 5. Qb3 Qb6 6. c5 Qxb3 7. axb3 a6 8. Nf3 Nf6 9. h3 Nbd7 10. b4 Rc8 11. Nd2 Be7 12. Nb3 Bd8 13. g4 Bc2 14. Na5 Bc7 15. e3 Bxf4 16. exf4 Rb8 17. f3 h6 18. Kd2 Bh7 19. Bxa6 Nxc5 20. dxc5 d4 21. Ne2 bxa6 22. Nxc6 Rb7 23. Rxa6 0-0 24. Nexd4 Nd5 25. b5 Rc8 26. b6 Nxf4 27. Ra7 Rxa7 28. Nxa7 Rb8 29. Nac6 Rb7 30. Ra1 1-0

[Event "Hum na Sutli op 15th"]
[Site "Hum na Sutli"]
[Date "2023.08.28"]
[Round "4"]
[White "Novosel, Kristijan"]
[Black "Galoic, Boris"]
[Result "0-1"]
[WhiteElo "1770"]
[BlackElo "2058"]
[PlyCount "105"]
[EventDate "2023.08.26"]
[EventType "swiss"]
[EventRounds "9"]
[EventCountry "CRO"]
[SourceTitle "EXT 2024"]
[Source "ChessBase"]
[SourceDate "2023.10.10"]
[SourceVersion "1"]
[SourceVersionDate "2023.10.10"]
[SourceQuality "1"]

1. e4 e5 2. Nf3 Nc6 3. Bc4 Bc5 4. d3 h6 5. c3 d6 6. Be3 Bb6 7. h3 Nf6 8. Nh2 0-0 9. Ng4 Na5 10. Nd2 c6 11. Nxf6+ Qxf6 12. Qf3 Qxf3 13. gxf3 Bc7 14. d4 Nxc4 15. Nxc4 b5 16. Na3 f5 17. d5 Bd7 18. Rd1 a5 19. Nc2 c5 20. b3 Kh7 21. h4 g6 22. Ke2 fxe4 23. fxe4 Bg4+ 24. Kd2 Bxd1 25. Rxd1 b4 26. Kd3 Rf3 27. Rh1 Rf7 28. Kc4 Rb8 29. Rh2 Bd8 30. a3 bxc3 31. Kxc3 Rfb7 32. Na1 a4 33. h5 g5 34. Rh1 Ba5+ 35. Kb2 axb3 36. Rc1 Kg7 37. Rc4 Kf6 38. Rc1 Rb5 39. Rc4 Kg7 40. Rc1 Kf7 41. Rc4 Ke7 42. Rc1 Kd7 43. Rc4 Bd8 44. Bd2 R5b7 45. Rc1 Be7 46. Be3 Rf8 47. Rc3 Rfb8 48. Rc1 Bf8 49. Bd2 Bg7 50. Be3 Rf8 51. Rc3 Rf4 52. Bxf4 exf4 53. f3 0-1

[Event "Krapina op 10th"]
[Site "Krapina"]
[Date "2020.01.18"]
[Round "4"]
[White "Novosel, Kristijan"]
[Black "Hamer, Ivan"]
[Result "0-1"]
[WhiteElo "1679"]
[BlackElo "1990"]
[PlyCount "76"]
[EventDate "2020.01.16"]
[EventType "swiss"]
[EventRounds "7"]
[EventCountry "CRO"]
[SourceTitle "CBM 194 Extra"]
[Source "ChessBase"]
[SourceDate "2020.03.31"]
[SourceVersion "1"]
[SourceVersionDate "2020.03.31"]
[SourceQuality "1"]

1. f4 e5 2. d3 Nc6 3. Nf3 d6 4. e4 Bg4 5. Be2 Be7 6. Nxe5 Bxe2 7. Nxc6 Bxd1 8. Nxd8 Bxc2 9. Nxb7 Bxd3 10. Nc3 Nf6 11. e5 dxe5 12. fxe5 Ne4 13. Bd2 Rb8 14. Na5 Rxb2 15. Nxe4 Bxe4 16. Nc4 Rc2 17. Ne3 Rc5 18. Rc1 Rxc1+ 19. Bxc1 Kd7 20. Ke2 Ke6 21. Rf1 Rd8 22. Rf4 Bd3+ 23. Kf3 Bc5 24. Rg4 Bd4 25. Rxg7 Bg6 26. Ng4 h5 27. Nh6 Bxe5 28. Nxf7 Bxf7 29. Rh7 Bg6 30. Rh6 Kf5 31. h3 Rd3+ 32. Ke2 Rd4 33. Be3 Ra4 34. Kf3 h4 35. Bf2 Ra3+ 36. Ke2 Rxa2+ 37. Kf3 Rxf2+ 38. Kxf2 Kg5 0-1

[Event "Krapina op 10th"]
[Site "Krapina"]
[Date "2020.01.16"]
[Round "1"]
[White "Novosel, Kristijan"]
[Black "Kolednjak, Tomislav"]
[Result "1/2-1/2"]
[WhiteElo "1679"]
[BlackElo "1993"]
[PlyCount "114"]
[EventDate "2020.01.16"]
[EventType "swiss"]
[EventRounds "7"]
[EventCountry "CRO"]
[SourceTitle "CBM 194 Extra"]
[Source "ChessBase"]
[SourceDate "2020.03.31"]
[SourceVersion "1"]
[SourceVersionDate "2020.03.31"]
[SourceQuality "1"]

1. d4 Nf6 2. c4 g6 3. Nc3 d5 4. Nf3 Bg7 5. e3 0-0 6. Qb3 c6 7. h3 a6 8. a4 dxc4 9. Bxc4 a5 10. Ne5 e6 11. 0-0 Nd5 12. Bxd5 exd5 13. f4 Na6 14. Bd2 Qe7 15. Ne2 Nc7 16. Nd3 Ne8 17. Nc5 Nd6 18. Ng3 h5 19. Rf3 h4 20. Nf1 Bf5 21. Be1 Rfb8 22. Nd2 Kh7 23. Nd3 Ne4 24. Ne5 Kg8 25. Qa3 Bf8 26. Qxe7 Bxe7 27. Nxe4 Bxe4 28. Rf1 Rc8 29. Nd7 Rc7 30. Nc5 Bf5 31. Rc1 b6 32. Nb3 Re8 33. Kf2 Bd3 34. Rg1 Kh7 35. Rc3 Ba6 36. Bd2 Bb4 37. Rcc1 Bc4 38. Bxb4 Bxb3 39. Bd6 Rd7 40. Rxc6 Bxa4 41. Rxb6 Re6 42. Bc5 Rxb6 43. Bxb6 Rb7 44. Bxa5 Rxb2+ 45. Kf3 f5 46. Bd8 Bc2 47. Bxh4 Rb1 48. Rxb1 Bxb1 49. g4 Kg7 50. gxf5 Bxf5 51. Kg3 Kf7 52. Bd8 Ke6 53. Kh4 Be4 54. Kg5 Bf5 55. h4 Be4 56. h5 gxh5 57. Kxh5 Bf5 1/2-1/2

[Event "Krapina op 9th"]
[Site "Krapina"]
[Date "2019.01.18"]
[Round "3"]
[White "Babic, Mladen"]
[Black "Novosel, Kristijan"]
[Result "1-0"]
[WhiteElo "1820"]
[BlackElo "1675"]
[PlyCount "81"]
[EventDate "2019.01.17"]
[EventType "swiss"]
[EventRounds "7"]
[EventCountry "CRO"]
[SourceTitle "CBM 188 Extra"]
[Source "ChessBase"]
[SourceDate "2019.02.26"]
[SourceVersion "1"]
[SourceVersionDate "2019.02.26"]
[SourceQuality "1"]

1. d4 d5 2. c4 e6 3. a3 Nf6 4. Bg5 Be7 5. e3 Nc6 6. Nc3 h6 7. Bh4 b6 8. Rc1 Bb7 9. Bg3 Bd6 10. f4 Nd7 11. Nf3 f5 12. Ne5 Bxe5 13. Qh5+ Kf8 14. fxe5 Ne7 15. Be2 Qe8 16. Qh3 g5 17. 0-0 Kg7 18. cxd5 Bxd5 19. Nxd5 Nxd5 20. Bh5 Qe7 21. e4 Ne3 22. exf5 Nxf5 23. Rc6 Rhf8 24. Bf2 Nb8 25. Rc4 Na6 26. Qd3 g4 27. Bxg4 Qg5 28. Bf3 Rad8 29. Rc6 Nc5 30. Qc3 Na6 31. Qc4 Ne3 32. Bxe3 Qxe3+ 33. Kh1 Nb8 34. Rxc7+ Rd7 35. Rxd7+ Nxd7 36. Qxe6 Rf7 37. Qg4+ Kf8 38. e6 Rf4 39. exd7 Rxd4 40. Bd5+ Ke7 41. Qg7+ 1-0

[Event "Krapina-ch 8th "]
[Site "Krapina"]
[Date "2018.01.19"]
[Round "3"]
[White "Novosel, Kristijan"]
[Black "Tomic, Stjepan"]
[Result "0-1"]
[WhiteElo "1633"]
[BlackElo "1775"]
[PlyCount "116"]
[EventDate "2018.01.18"]
[EventType "swiss"]
[EventRounds "7"]
[EventCountry "CRO"]
[SourceTitle "EXT 2019"]
[Source "ChessBase"]
[SourceDate "2018.10.10"]
[SourceVersion "1"]
[SourceVersionDate "2018.10.10"]
[SourceQuality "1"]

1. e4 c6 2. d4 d5 3. exd5 cxd5 4. Bf4 Nc6 5. Nf3 Nf6 6. Nbd2 g6 7. Bd3 Bg7 8. c3 0-0 9. 0-0 Bg4 10. h3 Bxf3 11. Qxf3 Re8 12. Rfe1 Rc8 13. Bb5 Qb6 14. Bxc6 Rxc6 15. Rab1 a5 16. Be5 Qd8 17. Nb3 Ne4 18. Bxg7 Kxg7 19. Qe3 Re6 20. Qd3 a4 21. Nd2 Nxd2 22. Qxd2 Rc6 23. Qd1 Rc4 24. Qf3 Qa5 25. Re5 e6 26. Rbe1 Rec8 27. g4 a3 28. b4 Qc7 29. g5 Rxc3 30. Qf6+ Kg8 31. Kg2 Qd6 32. R1e2 Rc2 33. h4 Rxe2 34. Rxe2 Qf8 35. Re3 Ra8 36. Rb3 Qg7 37. Qxg7+ Kxg7 38. Rc3 Ra4 39. Rb3 Kf8 40. Kf3 Ke7 41. Ke3 Kd6 42. f4 Kc6 43. b5+ Kb6 44. Kd3 Ra5 45. Kc2 Rxb5 46. Rxa3 Rb4 47. Rb3 Ka5 48. Kc3 Rxb3+ 49. Kxb3 Kb5 50. a4+ Ka5 51. Ka3 b6 52. Kb3 b5 53. axb5 Kxb5 54. Kc3 Ka4 55. Kc2 Kb4 56. Kd3 Kb3 57. Kd2 Kc4 58. Ke3 Kc3 0-1